Uso del tiempo libre de las personas adultas mayores residentes en albergues = Use of free time of the older adult residents in shelters /
El estudio tuvo como objetivo establecer la situación de la utilización del tiempo libre de las personas adultas mayores residentes en albergues. Se encuentra que no existe un uso creativo del tiempo libre por parte de los y las residentes, hay una diferencia entre las políticas sociales establecida...
Guardat en:
| Autor principal: | |
|---|---|
| Altres autors: | |
| Format: | Text |
| Matèries: | |
| Etiquetes: |
Afegir etiqueta
Sense etiquetes, Sigues el primer a etiquetar aquest registre!
|
MARC
| LEADER | 00000 a a2200000 04500 | ||
|---|---|---|---|
| 001 | 44238 | ||
| 003 | |||
| 040 | |||
| 100 | |a Muñoz Rojas, Derby | ||
| 245 | |a Uso del tiempo libre de las personas adultas mayores residentes en albergues = |b Use of free time of the older adult residents in shelters / |c Derby Muñoz Rojas, Jennifer Hughes Cartigny | ||
| 500 | |a derby.munoz@ucr.ac.cr |a jenniferhughes9@hotmail.com | ||
| 520 | |a El estudio tuvo como objetivo establecer la situación de la utilización del tiempo libre de las personas adultas mayores residentes en albergues. Se encuentra que no existe un uso creativo del tiempo libre por parte de los y las residentes, hay una diferencia entre las políticas sociales establecidas para la recreación en los albergues y la realidad que se vive en los mismos. | ||
| 590 | |a RRH/MARZO2013 | ||
| 650 | |a 1.VEJEZ | ||
| 650 | |a 2.RECREACION | ||
| 650 | |a 3.TIEMPO | ||
| 650 | |a 4.COSTA RICA | ||
| 700 | |a Hughes Cartigny, Jennifer | ||
| 740 | |a Salud y bienestar = Health and welfare | ||
| 773 | |g número131 ( , 2011), páginas 57-74 | ||
| 999 | |c 36857 |d 36857 | ||
| 773 | 0 | |0 18728 |9 3016 |a Universidad de Costa Rica |d San José, Costa Rica Editorial UCR 1956- |o 15082 |t Revista de Ciencias Sociales/ |x 04825276 | |
